[Event "Hoogeveen Open 2016"]
[Site "Hoogeveen"]
[Date "2016.10.15"]
[Round "1.10"]
[White "Romanishin, Oleg M"]
[Black "Mijnheer, Peter"]
[Result "1/2-1/2"]
[BlackElo "2137"]
[WhiteElo "2456"]
[LiveChessVersion "1.4.8"]

1. Nf3 {[%clk 1:30:38]} Nf6 {[%clk 1:30:55]} 2. d4 {[%clk 1:30:30]} g6
{[%clk 1:31:15]} 3. g3 {[%clk 1:30:56]} Bg7 {[%clk 1:31:33]} 4. Bg2
{[%clk 1:31:20]} O-O {[%clk 1:31:53]} 5. O-O {[%clk 1:31:47]} d6 {[%clk 1:32:10]}
6. a4 {[%clk 1:32:10]} Nbd7 {[%clk 1:21:53]} 7. a5 {[%clk 1:25:56]} a6
{[%clk 1:20:07]} 8. Nc3 {[%clk 1:08:29]} e5 {[%clk 1:14:14]} 9. e4
{[%clk 1:03:36]} exd4 {[%clk 1:12:41]} 10. Nxd4 {[%clk 1:03:56]} Re8
{[%clk 1:12:58]} 11. h3 {[%clk 0:59:21]} c5 {[%clk 1:00:06]} 12. Nf3
{[%clk 0:50:17]} Nxe4 {[%clk 0:49:10]} 13. Nxe4 {[%clk 0:50:42]} Rxe4
{[%clk 0:49:27]} 14. Qxd6 {[%clk 0:50:58]} Qe7 {[%clk 0:42:50]} 15. Qxe7
{[%clk 0:47:10]} Rxe7 {[%clk 0:43:15]} 16. Rd1 {[%clk 0:38:02]} Re8
{[%clk 0:40:30]} 17. c3 {[%clk 0:36:35]} Nf6 {[%clk 0:37:05]} 18. Bf4
{[%clk 0:30:56]} Be6 {[%clk 0:32:08]} 19. Nd2 {[%clk 0:19:10]} Bd5
{[%clk 0:28:34]} 20. Bxd5 {[%clk 0:18:38]} Nxd5 {[%clk 0:29:01]} 21. Bd6
{[%clk 0:19:05]} Rac8 {[%clk 0:14:44]} 22. Nc4 {[%clk 0:18:04]} Nf6
{[%clk 0:13:51]} 23. Bf4 {[%clk 0:18:28]} Bf8 {[%clk 0:11:21]} 24. Be5
{[%clk 0:18:11]} Rc6 {[%clk 0:10:30]} 25. Kf1 {[%clk 0:16:17]} Rce6
{[%clk 0:09:07]} 26. Bxf6 {[%clk 0:15:57]} Rxf6 {[%clk 0:09:35]} 27. Rd7
{[%clk 0:14:07]} Re4 {[%clk 0:08:10]} 28. b3 {[%clk 0:09:18]} h5 {[%clk 0:04:28]}
29. h4 {[%clk 0:07:40]} Ree6 {[%clk 0:02:43]} 30. Ra2 {[%clk 0:02:39]} Rf3
{[%clk 0:03:09]} 31. Re2 {[%clk 0:01:09]} Rxe2 {[%clk 0:03:04]} 32. Kxe2
{[%clk 0:01:37]} Rxc3 {[%clk 0:03:22]} 33. Rxb7 {[%clk 0:02:01]} Bg7
{[%clk 0:03:20]} 34. Rb6 {[%clk 0:02:08]} Rc2+ {[%clk 0:03:10]} 35. Kd1
{[%clk 0:01:52]} Rxf2 {[%clk 0:03:15]} 36. Rxa6 {[%clk 0:02:13]} Rf3
{[%clk 0:02:49]} 37. Ra8+ {[%clk 0:00:58]} Kh7 {[%clk 0:03:17]} 38. a6
{[%clk 0:01:07]} Rxb3 {[%clk 0:02:57]} 39. Rc8 {[%clk 0:01:15]} Rb1+
{[%clk 0:01:07]} 40. Kc2 {[%clk 0:01:31]} Ra1 {[%clk 0:01:34]} 41. Rc6
{[%clk 0:01:54]} Bd4 {[%clk 0:01:15]} 42. Nd6 {[%clk 0:27:25]} Kg7
{[%clk 0:29:47]} 43. Kb3 {[%clk 0:24:53]} Be5 {[%clk 0:28:48]} 44. Ne4
{[%clk 0:21:24]} f5 {[%clk 0:27:05]} 45. Nxc5 {[%clk 0:17:47]} Bxg3
{[%clk 0:27:30]} 46. Ne6+ {[%clk 0:18:13]} Kf7 {[%clk 0:27:28]} 47. Ng5+
{[%clk 0:18:36]} Kg7 {[%clk 0:27:34]} 48. Ne6+ {[%clk 0:18:56]} Kf7
{[%clk 0:27:49]} 49. Ng5+ {[%clk 0:19:21]} 1/2-1/2

[Event "Hoogeveen Open 2016"]
[Site "Hoogeveen"]
[Date "2016.10.15"]
[Round "1.11"]
[White "Vogel, Jaap"]
[Black "Bellia, Fabrizio"]
[Result "1/2-1/2"]
[BlackElo "2447"]
[WhiteElo "2134"]
[LiveChessVersion "1.4.8"]

1. d4 {[%clk 1:30:54]} Nf6 {[%clk 1:30:54]} 2. Nf3 {[%clk 1:31:16]} d5
{[%clk 1:31:10]} 3. c4 {[%clk 1:31:17]} e6 {[%clk 1:31:09]} 4. Bf4
{[%clk 1:30:26]} Bd6 {[%clk 1:30:48]} 5. Bg3 {[%clk 1:29:58]} Ne4
{[%clk 1:29:24]} 6. Nc3 {[%clk 1:29:35]} f5 {[%clk 1:26:18]} 7. e3
{[%clk 1:26:01]} O-O {[%clk 1:24:12]} 8. Qc2 {[%clk 1:21:52]} c6 {[%clk 1:22:58]}
9. Be2 {[%clk 1:18:43]} Qe7 {[%clk 1:16:40]} 10. Bxd6 {[%clk 1:06:23]} Qxd6
{[%clk 1:14:50]} 11. Ne5 {[%clk 1:02:29]} Nd7 {[%clk 1:15:03]} 12. Nxd7
{[%clk 1:01:02]} Bxd7 {[%clk 1:15:24]} 13. O-O {[%clk 0:55:57]} Rf6
{[%clk 1:02:28]} 14. c5 {[%clk 0:53:39]} Qe7 {[%clk 1:02:00]} 15. f4
{[%clk 0:53:35]} Rh6 {[%clk 0:59:06]} 16. Nxe4 {[%clk 0:45:58]} fxe4
{[%clk 0:58:56]} 17. g3 {[%clk 0:43:53]} g5 {[%clk 0:53:40]} 18. fxg5
{[%clk 0:35:20]} Qxg5 {[%clk 0:53:59]} 19. Rf4 {[%clk 0:23:58]} e5
{[%clk 0:53:22]} 20. dxe5 {[%clk 0:24:21]} Qxe5 {[%clk 0:53:13]} 21. Qc3
{[%clk 0:23:15]} Qxc3 {[%clk 0:52:10]} 22. bxc3 {[%clk 0:23:40]} b6
{[%clk 0:52:32]} 23. Rb1 {[%clk 0:21:11]} Rb8 {[%clk 0:25:05]} 24. a4
{[%clk 0:16:34]} Be6 {[%clk 0:22:10]} 25. h4 {[%clk 0:14:06]} Kg7
{[%clk 0:21:41]} 26. Kf2 {[%clk 0:13:14]} Rf6 {[%clk 0:21:37]} 27. Bh5
{[%clk 0:09:43]} Rff8 {[%clk 0:21:38]} 28. cxb6 {[%clk 0:05:15]} axb6
{[%clk 0:21:49]} 29. Be2 {[%clk 0:04:39]} Rf7 {[%clk 0:20:24]} 30. Rxf7+
{[%clk 0:02:13]} Kxf7 {[%clk 0:20:42]} 31. Ke1 {[%clk 0:02:35]} Kf6
{[%clk 0:19:48]} 32. Kd2 {[%clk 0:02:27]} Ke5 {[%clk 0:20:08]} 33. g4
{[%clk 0:02:13]} h6 {[%clk 0:20:20]} 34. Rg1 {[%clk 0:02:07]} Ra8
{[%clk 0:19:58]} 35. Bd1 {[%clk 0:02:12]} c5 {[%clk 0:18:46]} 36. g5
{[%clk 0:02:23]} hxg5 {[%clk 0:18:52]} 37. Rxg5+ {[%clk 0:02:35]} Kf6
{[%clk 0:19:11]} 38. Rg1 {[%clk 0:02:00]} Rh8 {[%clk 0:17:32]} 39. h5
{[%clk 0:02:09]} Rg8 {[%clk 0:16:55]} 40. Rf1+ {[%clk 0:02:00]} Ke5
{[%clk 0:16:40]} 41. Rh1 {[%clk 0:26:27]} Bf5 {[%clk 0:43:15]} 42. h6
{[%clk 0:23:54]} Rh8 {[%clk 0:36:09]} 43. Bb3 {[%clk 0:14:05]} Bg6
{[%clk 0:35:38]} 44. Rh2 {[%clk 0:07:39]} Rh7 {[%clk 0:35:21]} 45. Rh1
{[%clk 0:07:38]} Bf7 {[%clk 0:35:05]} 46. Bc2 {[%clk 0:04:31]} Kf5
{[%clk 0:35:02]} 47. Rf1+ {[%clk 0:03:25]} Ke5 {[%clk 0:31:09]} 48. Rh1
{[%clk 0:03:01]} Be8 {[%clk 0:27:43]} 49. Rh4 {[%clk 0:02:21]} Bg6
{[%clk 0:19:35]} 50. Bb3 {[%clk 0:02:29]} Rd7 {[%clk 0:17:36]} 51. Rg4
{[%clk 0:02:10]} Kf5 {[%clk 0:15:53]} 52. Rf4+ {[%clk 0:01:53]} Kg5
{[%clk 0:16:02]} 53. Rf1 {[%clk 0:02:15]} Kxh6 {[%clk 0:16:15]} 54. Rf6
{[%clk 0:02:44]} d4 {[%clk 0:14:27]} 55. Rxb6 {[%clk 0:02:47]} dxe3+
{[%clk 0:14:16]} 56. Kxe3 {[%clk 0:01:48]} Rd3+ {[%clk 0:14:35]} 57. Kf4
{[%clk 0:01:05]} Rxc3 {[%clk 0:14:48]} 58. a5 {[%clk 0:00:44]} c4
{[%clk 0:14:18]} 59. Bd1 {[%clk 0:00:50]} Ra3 {[%clk 0:11:52]} 60. a6
{[%clk 0:01:09]} Ra2 {[%clk 0:10:57]} 61. Rc6 {[%clk 0:01:07]} c3
{[%clk 0:10:05]} 62. Ke3 {[%clk 0:00:55]} Kg5 {[%clk 0:09:55]} 63. Bb3
{[%clk 0:00:51]} Ra3 {[%clk 0:09:36]} 64. Bc2 {[%clk 0:00:58]} Bf5
{[%clk 0:08:21]} 65. a7 {[%clk 0:01:04]} Rxa7 {[%clk 0:06:41]} 66. Rxc3
{[%clk 0:01:33]} Ra1 {[%clk 0:06:40]} 67. Rc5 {[%clk 0:01:07]} Ra3+
{[%clk 0:07:06]} 68. Kd4 {[%clk 0:01:16]} Kf4 {[%clk 0:06:07]} 69. Rxf5+
{[%clk 0:01:43]} Kxf5 {[%clk 0:06:26]} 70. Bxe4+ {[%clk 0:02:10]} Kf4
{[%clk 0:06:52]} 71. Bd5 {[%clk 0:02:29]} Ra4+ {[%clk 0:07:16]} 72. Kc3
{[%clk 0:02:46]} Ke3 {[%clk 0:07:35]} 73. Be6 {[%clk 0:02:16]} Ra6
{[%clk 0:07:50]} 74. Bd5 {[%clk 0:02:42]} Ra7 {[%clk 0:08:15]} 75. Be6
{[%clk 0:02:20]} Rc7+ {[%clk 0:08:31]} 76. Kb2 {[%clk 0:02:39]} Kd2
{[%clk 0:08:56]} 77. Kb3 {[%clk 0:02:55]} Kd3 {[%clk 0:09:14]} 78. Bf5+
{[%clk 0:03:14]} Kd4 {[%clk 0:09:37]} 79. Be6 {[%clk 0:03:15]} Rc3+
{[%clk 0:09:42]} 80. Kb4 {[%clk 0:02:53]} Rc6 {[%clk 0:10:05]} 81. Bf7
{[%clk 0:02:19]} Rc7 {[%clk 0:09:35]} 82. Be6 {[%clk 0:02:12]} Re7
{[%clk 0:09:38]} 83. Bg4 {[%clk 0:02:05]} Rb7+ {[%clk 0:09:55]} 84. Ka3
{[%clk 0:02:09]} Kc3 {[%clk 0:10:08]} 85. Ka2 {[%clk 0:02:17]} Rb2+
{[%clk 0:09:46]} 86. Ka1 {[%clk 0:02:13]} Rb5 {[%clk 0:07:40]} 87. Bf3
{[%clk 0:01:55]} Ra5+ {[%clk 0:07:34]} 88. Kb1 {[%clk 0:02:23]} Ra6
{[%clk 0:07:31]} 89. Bg4 {[%clk 0:01:42]} Rb6+ {[%clk 0:07:19]} 90. Ka2
{[%clk 0:01:38]} Rb2+ {[%clk 0:07:23]} 91. Ka1 {[%clk 0:01:26]} Rg2
{[%clk 0:07:25]} 92. Bf3 {[%clk 0:01:16]} Rd2 {[%clk 0:06:51]} 93. Bg4
{[%clk 0:01:26]} Rd4 {[%clk 0:07:05]} 94. Bf5 {[%clk 0:01:20]} Ra4+
{[%clk 0:07:19]} 95. Kb1 {[%clk 0:01:47]} Rf4 {[%clk 0:07:25]} 96. Be6
{[%clk 0:01:23]} Rf6 {[%clk 0:07:35]} 97. Bd5 {[%clk 0:01:10]} Rb6+
{[%clk 0:07:05]} 98. Ka2 {[%clk 0:01:25]} Rb2+ {[%clk 0:07:15]} 99. Ka1
{[%clk 0:01:47]} Kc2 {[%clk 0:06:39]} 100. Be4+ {[%clk 0:01:36]} Kc1
{[%clk 0:06:28]} 101. Bf5 {[%clk 0:01:08]} Rb6 {[%clk 0:05:08]} 102. Ka2
{[%clk 0:01:26]} Kd2 {[%clk 0:05:20]} 103. Be4 {[%clk 0:01:27]} Kc3
{[%clk 0:05:38]} 104. Bf5 {[%clk 0:01:18]} Rf6 {[%clk 0:05:49]} 105. Be4
{[%clk 0:01:29]} Re6 {[%clk 0:06:11]} 106. Bf5 {[%clk 0:01:46]} Re2+
{[%clk 0:06:32]} 107. Kb1 {[%clk 0:01:58]} Rb2+ {[%clk 0:06:14]} 108. Ka1
{[%clk 0:02:12]} Kb3 {[%clk 0:06:33]} 109. Be6+ {[%clk 0:02:19]} Ka3
{[%clk 0:07:00]} 110. Bf5 {[%clk 0:02:24]} Rb5 {[%clk 0:07:17]} 111. Bg6
{[%clk 0:02:33]} Rg5 {[%clk 0:07:25]} 112. Bc2 {[%clk 0:01:01]} Rc5
{[%clk 0:07:42]} 113. Bg6 {[%clk 0:01:14]} Rc6 {[%clk 0:07:47]} 114. Be4
{[%clk 0:01:21]} Re6 {[%clk 0:07:54]} 115. Bf5 {[%clk 0:01:08]} Rf6
{[%clk 0:08:16]} 116. Bc2 {[%clk 0:01:29]} Rf2 {[%clk 0:08:41]} 117. Be4
{[%clk 0:01:24]} Ra2+ {[%clk 0:08:41]} 118. Kb1 {[%clk 0:01:49]} Rb2+
{[%clk 0:09:06]} 119. Ka1 {[%clk 0:02:11]} Kb3 {[%clk 0:09:19]} 120. Bd5+
{[%clk 0:01:52]} 1/2-1/2

[Event "Hoogeveen Open 2016"]
[Site "Hoogeveen"]
[Date "2016.10.15"]
[Round "1.12"]
[White "Sundararajan, Kidambi"]
[Black "Cornelisse, John"]
[Result "1-0"]
[BlackElo "2131"]
[WhiteElo "2429"]
[LiveChessVersion "1.4.8"]

1. Nf3 {[%clk 1:30:48]} Nf6 {[%clk 1:30:46]} 2. d4 {[%clk 1:30:18]} e6
{[%clk 1:30:58]} 3. e3 {[%clk 1:30:27]} d5 {[%clk 1:30:46]} 4. Bd3
{[%clk 1:28:49]} c5 {[%clk 1:29:32]} 5. b3 {[%clk 1:28:58]} Nc6 {[%clk 1:28:45]}
6. O-O {[%clk 1:28:53]} Be7 {[%clk 1:25:57]} 7. Bb2 {[%clk 1:29:04]} O-O
{[%clk 1:25:33]} 8. Nbd2 {[%clk 1:28:26]} Qc7 {[%clk 1:21:32]} 9. a3
{[%clk 1:28:20]} b6 {[%clk 1:21:04]} 10. c4 {[%clk 1:24:34]} Bb7 {[%clk 1:18:09]}
11. dxc5 {[%clk 1:22:11]} bxc5 {[%clk 1:18:20]} 12. cxd5 {[%clk 1:21:21]} exd5
{[%clk 1:17:43]} 13. Rc1 {[%clk 1:20:15]} Rfd8 {[%clk 1:11:39]} 14. Bxf6
{[%clk 1:17:22]} Bxf6 {[%clk 1:11:37]} 15. Rxc5 {[%clk 1:16:42]} Be7
{[%clk 1:10:32]} 16. Rc3 {[%clk 0:59:39]} Bxa3 {[%clk 1:04:42]} 17. Qb1
{[%clk 0:58:29]} Qe7 {[%clk 0:59:34]} 18. Bxh7+ {[%clk 0:56:05]} Kh8
{[%clk 0:59:30]} 19. Nd4 {[%clk 0:50:11]} Ne5 {[%clk 0:35:20]} 20. N2f3
{[%clk 0:34:40]} Bb4 {[%clk 0:22:17]} 21. Nxe5 {[%clk 0:31:50]} Qxe5
{[%clk 0:22:23]} 22. Rcc1 {[%clk 0:31:21]} Bd6 {[%clk 0:17:32]} 23. Nf3
{[%clk 0:29:23]} Qh5 {[%clk 0:17:05]} 24. Bd3 {[%clk 0:25:11]} Bc8
{[%clk 0:14:27]} 25. Rfd1 {[%clk 0:10:40]} d4 {[%clk 0:10:26]} 26. Be4
{[%clk 0:08:52]} Bg4 {[%clk 0:03:43]} 27. Rxd4 {[%clk 0:04:58]} Bxf3
{[%clk 0:02:20]} 28. Rxd6 {[%clk 0:02:10]} Bxe4 {[%clk 0:01:40]} 29. Qxe4
{[%clk 0:02:34]} Rac8 {[%clk 0:01:09]} 30. Rxd8+ {[%clk 0:02:30]} Rxd8
{[%clk 0:01:34]} 31. h3 {[%clk 0:01:39]} Rd1+ {[%clk 0:00:49]} 32. Rxd1
{[%clk 0:02:03]} Qxd1+ {[%clk 0:01:17]} 33. Kh2 {[%clk 0:02:27]} Qxb3
{[%clk 0:01:44]} 34. Qa8+ {[%clk 0:02:44]} Kh7 {[%clk 0:02:08]} 35. Qxa7
{[%clk 0:03:07]} Qb2 {[%clk 0:02:19]} 36. Qxf7 {[%clk 0:02:57]} 1-0

[Event "Hoogeveen Open 2016"]
[Site "Hoogeveen"]
[Date "2016.10.15"]
[Round "1.13"]
[White "Fehr, Axel, Dr."]
[Black "Karavade, Eesha"]
[Result "1-0"]
[BlackElo "2421"]
[WhiteElo "2130"]
[LiveChessVersion "1.4.8"]

1. c4 {[%clk 1:30:56]} e6 {[%clk 1:28:22]} 2. Nf3 {[%clk 1:30:24]} Nf6
{[%clk 1:28:32]} 3. g3 {[%clk 1:29:52]} d5 {[%clk 1:27:54]} 4. Bg2
{[%clk 1:28:56]} Be7 {[%clk 1:26:07]} 5. O-O {[%clk 1:27:03]} O-O
{[%clk 1:26:29]} 6. d4 {[%clk 1:26:50]} dxc4 {[%clk 1:26:36]} 7. Nc3
{[%clk 1:18:22]} Nc6 {[%clk 1:19:43]} 8. Qa4 {[%clk 1:09:32]} Nxd4
{[%clk 1:17:21]} 9. Nxd4 {[%clk 1:06:23]} Qxd4 {[%clk 1:17:48]} 10. Be3
{[%clk 1:06:27]} Qg4 {[%clk 1:16:00]} 11. h3 {[%clk 1:00:44]} Qh5
{[%clk 1:15:05]} 12. g4 {[%clk 0:53:53]} Qg6 {[%clk 1:15:08]} 13. Qxc4
{[%clk 0:48:16]} c6 {[%clk 1:15:28]} 14. f4 {[%clk 0:33:38]} h5 {[%clk 1:10:03]}
15. g5 {[%clk 0:30:51]} Nd5 {[%clk 1:10:28]} 16. Bc1 {[%clk 0:26:49]} e5
{[%clk 0:59:21]} 17. f5 {[%clk 0:23:39]} Bxf5 {[%clk 0:57:54]} 18. e4
{[%clk 0:22:06]} Be6 {[%clk 0:56:58]} 19. exd5 {[%clk 0:20:07]} cxd5
{[%clk 0:57:26]} 20. Nxd5 {[%clk 0:19:18]} Bxg5 {[%clk 0:56:04]} 21. Bxg5
{[%clk 0:18:41]} Qxg5 {[%clk 0:56:30]} 22. Qc1 {[%clk 0:13:12]} Qh4
{[%clk 0:48:19]} 23. Qe3 {[%clk 0:12:51]} Kh8 {[%clk 0:41:26]} 24. Nc7
{[%clk 0:10:21]} Rad8 {[%clk 0:34:50]} 25. Nxe6 {[%clk 0:10:42]} fxe6
{[%clk 0:35:15]} 26. Rxf8+ {[%clk 0:08:01]} Rxf8 {[%clk 0:34:25]} 27. Qxe5
{[%clk 0:08:19]} Rf5 {[%clk 0:32:49]} 28. Qe3 {[%clk 0:05:59]} Qb4
{[%clk 0:32:11]} 29. b3 {[%clk 0:05:52]} b6 {[%clk 0:30:40]} 30. Rc1
{[%clk 0:06:01]} Rf8 {[%clk 0:30:32]} 31. Qxe6 {[%clk 0:03:55]} Qd4+
{[%clk 0:28:49]} 32. Kh1 {[%clk 0:04:13]} a5 {[%clk 0:28:32]} 33. a4
{[%clk 0:04:33]} Rd8 {[%clk 0:27:32]} 34. Qg6 {[%clk 0:04:47]} Qe5
{[%clk 0:26:52]} 35. Be4 {[%clk 0:04:54]} Kg8 {[%clk 0:26:37]} 36. Rf1
{[%clk 0:04:36]} 1-0

[Event "Hoogeveen Open 2016"]
[Site "Hoogeveen"]
[Date "2016.10.15"]
[Round "1.14"]
[White "Jonkman, Harmen"]
[Black "Schut, Han"]
[Result "1-0"]
[BlackElo "2128"]
[WhiteElo "2413"]
[LiveChessVersion "1.4.8"]

1. e4 {[%clk 1:30:57]} c5 {[%clk 1:30:56]} 2. Nf3 {[%clk 1:31:18]} d6
{[%clk 1:31:18]} 3. c3 {[%clk 1:30:56]} Nf6 {[%clk 1:31:07]} 4. Bd3
{[%clk 1:31:10]} e6 {[%clk 1:30:44]} 5. Bc2 {[%clk 1:31:15]} Be7 {[%clk 1:30:16]}
6. d4 {[%clk 1:31:27]} Nc6 {[%clk 1:28:58]} 7. a3 {[%clk 1:20:04]} cxd4
{[%clk 0:40:57]} 8. cxd4 {[%clk 1:19:26]} d5 {[%clk 0:24:07]} 9. e5
{[%clk 1:18:38]} Ne4 {[%clk 0:24:26]} 10. O-O {[%clk 1:14:39]} f5
{[%clk 0:17:22]} 11. exf6 {[%clk 1:14:25]} Bxf6 {[%clk 0:12:23]} 12. Re1
{[%clk 0:59:38]} Nd6 {[%clk 0:12:21]} 13. Nbd2 {[%clk 0:43:54]} O-O
{[%clk 0:08:46]} 14. Nb3 {[%clk 0:43:11]} g6 {[%clk 0:05:18]} 15. Bd2
{[%clk 0:34:47]} Nc4 {[%clk 0:01:31]} 16. Bc3 {[%clk 0:33:27]} Qb6
{[%clk 0:01:35]} 17. Qe2 {[%clk 0:26:33]} Bg7 {[%clk 0:00:56]} 18. Rad1
{[%clk 0:26:37]} a5 {[%clk 0:00:43]} 19. a4 {[%clk 0:20:37]} Nb4 {[%clk 0:00:50]}
20. Bb1 {[%clk 0:20:53]} Bd7 {[%clk 0:00:33]} 21. Nc5 {[%clk 0:21:05]} Bc8
{[%clk 0:00:48]} 22. Nd3 {[%clk 0:18:55]} Nc6 {[%clk 0:00:57]} 23. Nc1
{[%clk 0:16:17]} e5 {[%clk 0:00:57]} 24. Nxe5 {[%clk 0:14:46]} N4xe5
{[%clk 0:01:20]} 25. dxe5 {[%clk 0:15:08]} d4 {[%clk 0:01:09]} 26. Qc4+
{[%clk 0:14:48]} Kh8 {[%clk 0:00:44]} 27. Bxd4 {[%clk 0:15:09]} Nxd4
{[%clk 0:00:58]} 28. Qxd4 {[%clk 0:15:27]} Qc6 {[%clk 0:00:42]} 29. Be4
{[%clk 0:07:11]} Qe8 {[%clk 0:00:40]} 30. Nd3 {[%clk 0:06:22]} Bg4
{[%clk 0:00:37]} 31. f3 {[%clk 0:04:30]} Rd8 {[%clk 0:00:54]} 32. Qc5
{[%clk 0:03:37]} Bd7 {[%clk 0:01:13]} 33. b3 {[%clk 0:02:56]} Be6
{[%clk 0:01:23]} 34. Rb1 {[%clk 0:03:09]} Qd7 {[%clk 0:01:22]} 35. Qxa5
{[%clk 0:02:24]} Qd4+ {[%clk 0:01:19]} 36. Kh1 {[%clk 0:02:36]} Bd5
{[%clk 0:01:04]} 37. Nc5 {[%clk 0:02:38]} b6 {[%clk 0:01:03]} 38. Qxb6
{[%clk 0:02:35]} Bxe4 {[%clk 0:00:48]} 39. Rxe4 {[%clk 0:02:01]} Qf2
{[%clk 0:00:41]} 40. Rg1 {[%clk 0:00:42]} Rb8 {[%clk 0:00:43]} 41. Qa5
{[%clk 0:26:25]} Rxf3 {[%clk 0:24:16]} 42. Qe1 {[%clk 0:23:11]} 1-0

[Event "Hoogeveen Open 2016"]
[Site "Hoogeveen"]
[Date "2016.10.15"]
[Round "1.15"]
[White "Kokje, Joris"]
[Black "Nitin, S."]
[Result "0-1"]
[BlackElo "2410"]
[WhiteElo "2126"]
[LiveChessVersion "1.4.8"]

1. d4 {[%clk 1:30:56]} Nf6 {[%clk 1:30:25]} 2. c4 {[%clk 1:31:14]} g6
{[%clk 1:29:11]} 3. Nc3 {[%clk 1:31:26]} Bg7 {[%clk 1:29:30]} 4. e4
{[%clk 1:31:41]} d6 {[%clk 1:29:41]} 5. f3 {[%clk 1:31:53]} O-O {[%clk 1:29:49]}
6. Nge2 {[%clk 1:32:03]} a6 {[%clk 1:28:07]} 7. Be3 {[%clk 1:31:37]} Nc6
{[%clk 1:28:10]} 8. Qd2 {[%clk 1:27:55]} Na5 {[%clk 1:28:32]} 9. Nc1
{[%clk 1:25:19]} Bd7 {[%clk 1:25:58]} 10. b4 {[%clk 1:13:57]} Nc6
{[%clk 1:25:28]} 11. Rb1 {[%clk 1:14:17]} e5 {[%clk 1:20:47]} 12. d5
{[%clk 1:13:40]} Nd4 {[%clk 1:20:50]} 13. Nb3 {[%clk 1:12:21]} Nxb3
{[%clk 1:20:16]} 14. Rxb3 {[%clk 1:08:57]} Nh5 {[%clk 1:17:59]} 15. Be2
{[%clk 0:59:04]} f5 {[%clk 1:14:44]} 16. O-O {[%clk 0:48:17]} Nf4
{[%clk 0:57:17]} 17. Bxf4 {[%clk 0:41:13]} exf4 {[%clk 0:56:19]} 18. Qxf4
{[%clk 0:41:17]} Qf6 {[%clk 0:45:34]} 19. Nd1 {[%clk 0:31:12]} Ba4
{[%clk 0:41:20]} 20. Rd3 {[%clk 0:29:44]} fxe4 {[%clk 0:30:18]} 21. Qxf6
{[%clk 0:29:20]} Bxf6 {[%clk 0:30:24]} 22. fxe4 {[%clk 0:28:52]} Bc2
{[%clk 0:30:44]} 23. Rd2 {[%clk 0:22:11]} Bxe4 {[%clk 0:30:28]} 24. Bd3
{[%clk 0:19:29]} Bg5 {[%clk 0:27:12]} 25. Bxe4 {[%clk 0:18:48]} Bxd2
{[%clk 0:27:04]} 26. a3 {[%clk 0:18:37]} Bc1 {[%clk 0:26:37]} 27. a4
{[%clk 0:18:29]} Ba3 {[%clk 0:26:10]} 28. Rxf8+ {[%clk 0:18:15]} Rxf8
{[%clk 0:26:20]} 0-1

[Event "Hoogeveen Open 2016"]
[Site "Hoogeveen"]
[Date "2016.10.15"]
[Round "1.16"]
[White "Beerdsen, Thomas"]
[Black "Hendriks, Richard"]
[Result "1-0"]
[BlackElo "2122"]
[WhiteElo "2404"]
[LiveChessVersion "1.4.8"]

1. e4 {[%clk 1:30:56]} e5 {[%clk 1:30:53]} 2. Nf3 {[%clk 1:30:07]} Nc6
{[%clk 1:31:15]} 3. d4 {[%clk 1:30:32]} exd4 {[%clk 1:31:36]} 4. Nxd4
{[%clk 1:30:57]} g6 {[%clk 1:31:56]} 5. Nc3 {[%clk 1:29:07]} Bg7 {[%clk 1:32:17]}
6. Be3 {[%clk 1:29:24]} Nf6 {[%clk 1:32:24]} 7. Qd2 {[%clk 1:20:53]} O-O
{[%clk 1:28:52]} 8. O-O-O {[%clk 1:19:12]} Re8 {[%clk 1:29:05]} 9. f3
{[%clk 1:14:40]} d5 {[%clk 1:29:26]} 10. Nxc6 {[%clk 1:09:25]} bxc6
{[%clk 1:29:37]} 11. Bh6 {[%clk 1:09:50]} Bxh6 {[%clk 1:10:47]} 12. Qxh6
{[%clk 1:08:20]} Qe7 {[%clk 1:11:11]} 13. h4 {[%clk 0:54:56]} Rb8
{[%clk 1:04:42]} 14. a3 {[%clk 0:48:22]} dxe4 {[%clk 1:00:47]} 15. h5
{[%clk 0:45:17]} Be6 {[%clk 0:46:16]} 16. hxg6 {[%clk 0:26:55]} fxg6
{[%clk 0:46:03]} 17. Re1 {[%clk 0:23:12]} Qg7 {[%clk 0:31:58]} 18. Nxe4
{[%clk 0:21:04]} Nxe4 {[%clk 0:30:57]} 19. Qxg7+ {[%clk 0:21:25]} Kxg7
{[%clk 0:31:22]} 20. Rxe4 {[%clk 0:21:50]} Bf7 {[%clk 0:21:52]} 21. Bd3
{[%clk 0:19:49]} Rxe4 {[%clk 0:21:25]} 22. Bxe4 {[%clk 0:20:11]} Bd5
{[%clk 0:12:59]} 23. Bd3 {[%clk 0:17:25]} c5 {[%clk 0:09:00]} 24. Rh4
{[%clk 0:15:59]} c6 {[%clk 0:08:15]} 25. Ra4 {[%clk 0:15:55]} Rb7
{[%clk 0:08:29]} 26. c4 {[%clk 0:16:07]} Bf7 {[%clk 0:04:35]} 27. Ra5
{[%clk 0:16:26]} Rd7 {[%clk 0:04:42]} 28. Kc2 {[%clk 0:16:47]} Be8
{[%clk 0:04:07]} 29. Rxc5 {[%clk 0:17:10]} Re7 {[%clk 0:03:08]} 30. Be4
{[%clk 0:17:34]} h5 {[%clk 0:02:35]} 31. b4 {[%clk 0:17:58]} g5 {[%clk 0:02:43]}
32. Rxg5+ {[%clk 0:18:22]} 1-0